000 00760nam a2200205Ia 4500
003 GCL
008 140319s9999 xx 000 0 ara d
040 _aGCL /
_cGCL
082 0 4 _aط
_b813.08762
_bك ق
100 1 _aكامل كيلانى
245 1 0 _aقصص علمية:اصدقاء الربيع-زهرة البرسيم-في الاصطبل-جبارةالغابة-ام سند وام هند-الصديقتان-مخاطرات ام مازن /
_cكامل كيلانى
260 _aالقاهرة :
_bدار المعارف ،
_c1992
300 _aمتعدد ؛
_c23 سم
490 _aقصص علمية
_v0
650 0 4 _aالاطفال
650 0 4 _aالقصص
650 0 4 _aقصص الاطفال
650 0 4 _aالقصص العلمية
942 _2ddc
_cBK
999 _c56409
_d56409